000 00470nam a2200109Ia 4500
008 220216s9999 xx 000 0 und d
100 _aAbraham J
245 0 _aCarbon and nutrients stock in mature rubber plantations with and without control of under flora
260 _bIRC 2012. International Rubber Conference, 28-31 October 2012, Kovalam, India, Rubber Research Institute of India, Kottayam and IRRDB, Malaysia: Abstracts. pp.140.
700 _aJoseph P
942 _cBS
999 _c49603
_d49603